Študenti prispievajú na svoje vzdelávanie podľa rôznych zákonov

Ústava hovorí o bezplatnom základnom a strednom vzdelávaní, pri vysokoškolskom vzdelávaní už nie je taká striktná. Po r. 1989 prudký nárast vysokoškolských študentov, vznik nových univerzít - nedostatok financií. Rôzne formy získavania financií na vysokých školách. Na niektorých vysokých školách sa...

Full description

Saved in:
Bibliographic Details
Main Author: Reiselová, Eva
Format: Book Chapter
Language:Slovak
Subjects:
Tags: Add Tag
No Tags, Be the first to tag this record!

MARC

LEADER 00000naa a2200000 4500
001 r044043
005 20230921113230.8
041 0 |a slo 
044 |a SK 
245 1 0 |a Študenti prispievajú na svoje vzdelávanie podľa rôznych zákonov  |c Eva Reiselová 
520 |a Ústava hovorí o bezplatnom základnom a strednom vzdelávaní, pri vysokoškolskom vzdelávaní už nie je taká striktná. Po r. 1989 prudký nárast vysokoškolských študentov, vznik nových univerzít - nedostatok financií. Rôzne formy získavania financií na vysokých školách. Na niektorých vysokých školách sa neplatí. Financovanie formou daru. 
610 2 0 |a školy vysoké 
610 2 0 |a financovanie 
610 2 0 |a študenti 
610 2 0 |a dary 
610 2 0 |a poplatky 
610 2 0 |a vzdelávanie 
610 2 0 |a zákony 
100 1 |a Reiselová, Eva